000 00681nam a2200229 a 4500
001 27237
003 BD-RjUL
005 20211209051129.0
008 140324s1965 000 0 eng d
035 _a(BD-RjUL)27309
040 _aVCAV
_beng
_cVCAV
_dWCX
_dBD-RjUL
041 _aeng
082 0 4 _a956.92
_bHIS 1965
100 1 _aHitti, Philip K.
_q(Philip Khuri),
_d1886-
_968676
245 1 2 _aA short history of Lebanon /
_cby Philip K. Hitti.
260 _aLondon :
_bMacmillan ;
_aNew York :
_bSt. Martin's Press,
_c1965.
300 _axi, 248 p :
_bmaps ;
_c21 cm.
504 _aIncludes index.
651 0 _aLebanon
_xHistory.
_983577
942 _2ddc
_cBK
999 _c27237
_d27237